LEADER 01436nam a2200289 i 4500 001 991002061369707536 005 20020508185820.0 008 010405s1999 it ||| | ita 020 $a8876943404 035 $ab10953474-39ule_inst 035 $aPARLA153795$9ExL 040 $aDip.to Scienze dell'Antichità$bita 111 2 $aSeminario interdisciplinare Cattedre di Storia greca e di Epigrafia greca <1997 ; Chieti>$0538168 245 10$aAspirazione al consenso e azione politica in alcuni contesti di fine 5. sec. a. C. :$bil caso di Alcibiade :$bseminario interdisciplinare Cattedre di Storia Greca e di Epigrafia Greca :$bChieti, 12-13 marzo 1997 /$ca cura di Emma Luppino-Manes 260 $aAlessandria :$bEdizioni dell'Orso,$cc1999 300 $a108 p. ;$c24 cm. 490 0 $aUniversità degli studi G. D'Annunzio, Chieti. Collana del Dipartimento di Scienze dell'Antichità ;$v1 650 4$aConvegni - Chieti$y1997 650 4$aEpigrafia greca$xConvegni$y1997 650 4$aStoria greca$xConvegni$y1997 700 1 $aLuppino Manes, Emma 907 $a.b10953474$b23-02-17$c28-06-02 912 $a991002061369707536 945 $aLE007 938 SEM 01.01$g1$i2015000053947$lle007$o-$pE0.00$q-$rl$s- $t0$u2$v1$w2$x0$y.i11061418$z28-06-02 996 $aAspirazione al consenso e azione politica in alcuni contesti di fine 5. sec. a. C.$9862959 997 $aUNISALENTO 998 $ale007$b01-01-01$cm$da $e-$fita$git $h0$i1 LEADER 01093nam0-2200337---450 001 990008565550403321 005 20250626145042.0 035 $a000856555 035 $aFED01000856555 035 $a(Aleph)000856555FED01 100 $a20071017d1990----km-y0itay50------ba 101 0 $aita 102 $aIT 105 $a--------001yy 200 1 $aProposta per il piano regionale di sviluppo$eapprovata dalla Giunta regionale della Campania con deliberazioni n. 033 del 1 marzo 1990$fRegione Campania 210 $a[S.l.$cs.n.]$dstampa 1990$eErcolano$gLa buona stampa 215 $a194 p.$d28 cm 610 0 $aCampania$aPiani regolatori$a1990 710 02$aCampania$c$0270004 801 0$aIT$bUNINA$gREICAT$2UNIMARC 901 $aBK 912 $a990008565550403321 952 $aLEPORE 211$bLEPORE 211$fFARBC 952 $aF/3.113 CAM/90$b660/DE$fSES 952 $aFONDO ROSSI 1839$bROSSI 1892$fFARBC 952 $aCER 250$b256$fDARPU 959 $aDARPU 959 $aSES 959 $aFARBC 996 $aProposta per il piano regionale di sviluppo$9711708 997 $aUNINA